France d'outre-mer - Mort subite - Statistiques

Statistiques générales
  • Ce quiz a été pris 449 fois
  • Le résultat moyen est 8 sur 17
Answers on the Grid
Answers color-coded by a green-red scale on the quiz's grid according to % correct below.
Guadeloupe
Martinique
Guyane
La Réunion
Saint-Pierre-et-Miquelon
Mayotte
Saint-Barthélémy
Saint-Martin
Wallis-et-Futuna
Polynésie française
Nouvelle-Calédonie
Terre Adélie
Archipel Crozet
Îles Kerguelen
Îles Saint-Paul et Amsterdam
Îles Éparses
Clipperton
Corse
Niue
Île Maurice
Pondicherry
Île Charlemagne
Monaco
Bougainville
Île de Pâques
Saint-Hélène
Île de l'Ascension
Île de France
Guyana
Île de Ré
Île d'Oléron
Saint-Christophe-et-Niévès
Saint-Vincent et les Grenadines
Sainte-Lucie
Île de Gorée
Montserrat
 
Statistiques - réponses
Réponse % Correct
Guadeloupe
65%
La Réunion
65%
Guyane
63%
Mayotte
61%
Polynésie française
61%
Martinique
60%
Nouvelle-Calédonie
54%
Saint-Pierre-et-Miquelon
54%
Wallis-et-Futuna
54%
Saint-Barthélémy
46%
Saint-Martin
37%
Îles Kerguelen
34%
Clipperton
32%
Terre Adélie
32%
Archipel Crozet
18%
Îles Éparses
16%
Îles Saint-Paul et Amsterdam
13%
Aucun quiz correspondant
Distribution des résultats
% des personnes avec chaque résultat
Percentile par nombre de réponses
Votre historique - résultats
Vous n’avez pas pris ce quiz